000 00585nam a22001817a 4500
005 20251108175137.0
008 250721s2013 xx 000 0 ara d
082 1 4 _a513/بطي
100 1 _aبطيحة، أقبال محمد
245 1 0 _aالجذور التربيعية والتكعيبية /
264 1 _aعمان :
_bدار اليازوري العلمية للنشر والتوزيع،
_c2013.
300 _a223 ص.
650 1 7 _aالجذور (رياضيات)
650 1 7 _aنظرية الأعداد
650 1 7 _aالرياضيات
942 _2ddc
_cBK
999 _c127203
_d127203